| 000 | 00689nam a2200205 a 4500 | ||
|---|---|---|---|
| 005 | 20220531063627.0 | ||
| 008 | 991125s1966 mx 000 0 spa u | ||
| 035 | _aUPN01000015434 | ||
| 049 | _aSEP | ||
| 050 | 4 |
_aLB7 _bB5.6 no.54 |
|
| 100 | 1 |
_aMinjares Hernández, Julio _929328 |
|
| 245 | 1 | 0 |
_aDidáctica de la ortografía / _cJulio Minjares, Hernández, Efrén Núñez Mata. |
| 260 |
_aMéxico : _bOasis : _bSEP, _c1966. |
||
| 300 | _a167 p. | ||
| 440 | 0 |
_aBiblioteca pedagógica de mejoramiento profesional ; _v54 |
|
| 500 | _aDatos tomados de la cubierta | ||
| 650 | 7 |
_aEspañol _xOrtografía _2 _912600 |
|
| 700 | 1 |
_aNúñez Mata, Efrén, _d1890-1974 _ecoaut. _929438 |
|
| 905 | _aLibro | ||
| 999 |
_c15434 _d15434 |
||